LIBRARY & INFORMATION CENTRE, KCAET, TAVANUR

ONLINE PUBLIC ACCESS CATALOGUE (OPAC)

Visleshaka jyamithi / (Record no. 6151)

MARC details
000 -LEADER
fixed length control field 00536cam a2200217ua 4500
041 ## - LANGUAGE CODE
Language code of text/sound track or separate title mal
082 ## - DEWEY DECIMAL CLASSIFICATION NUMBER
Classification number 516.3
Item number ELA/VI
100 ## - MAIN ENTRY--AUTHOR NAME
Personal name Elayath, P.N.N .
245 ## - TITLE STATEMENT
Title Visleshaka jyamithi /
260 ## - PUBLICATION, DISTRIBUTION, ETC. (IMPRINT)
Place of publication Thiruvananthapuram :
Name of publisher State Instititute of Languages ,
Year of publication 1972.
300 ## - PHYSICAL DESCRIPTION
Number of Pages 171 ; .
942 ## - ADDED ENTRY ELEMENTS (KOHA)
Koha item type Books
Holdings
Withdrawn status Lost status Damaged status Home library Current library Date acquired Full call number Accession Number Koha item type
      KAUAET   07/04/2012 516.3 14349 Books
      KAUAET   07/04/2012 516.3 14348 Books
      KAUAET   07/04/2012 516.3 14350 Books
      KAUAET   07/04/2012 516.3 14352 Books
      KAUAET KAUAET 07/04/2012 516.3 14351 Books
free website counter